NFL Logos Click Quiz - Statistics

General Stats
  • This quiz has been taken 367 times
  • The average score is 27 of 32
Answer Stats
Hint Answer % Correct
Miami Dolphins
97%
New England Patriots
94%
Buffalo Bills
93%
Baltimore Ravens
93%
Jacksonville Jaguars
91%
Cincinnati Bengals
90%
New York Jets
89%
Minnesota Vikings
88%
Tennessee Titans
87%
Detroit Lions
87%
Denver Broncos
87%
Green Bay Packers
87%
Pittsburgh Steelers
87%
Indianapolis Colts
86%
Las Vegas Raiders
86%
Philadelphia Eagles
86%
Cleveland Browns
86%
Arizona Cardinals
85%
Dallas Cowboys
84%
Carolina Panthers
84%
Chicago Bears
84%
New Orleans Saints
83%
Seattle Seahawks
83%
New York Giants
82%
Washington Commanders
82%
San Francisco 49ers
82%
Los Angeles Chargers
82%
Tampa Bay Buccaneers
82%
Houston Texans
81%
Los Angeles Rams
81%
Kansas City Chiefs
81%
Atlanta Falcons
80%
No matching quizzes found
Score Distribution
Percent of People with Each Score
Percentile by Number Answered
Your Score History
You have not taken this quiz